00410nam a2200145Ia 4500008004100000082001000041100002300051245002100074260000900095630002100104730002100125942000900146999001900155952009000174100328s9999 xx 000 0 und d b45357 aDimercurio Michael aPhoenix Sub Zero bOnyx aPhoenix Sub Zero aPhoenix Sub Zero cBOOK c533510d533507 00104070aRNVbRNVd2010-03-28l0pRNV-45357r2010-03-28 00:00:00w2010-03-28yBOOK